| 000 -LEADER |
| fixed length control field |
00762nam a2200217Ia 4500 |
| 001 - CONTROL NUMBER |
| control field |
2030 |
| 003 - CONTROL NUMBER IDENTIFIER |
| control field |
GE_BSU |
| 005 - DATE AND TIME OF LATEST TRANSACTION |
| control field |
20190423145341.0 |
| 008 - FIXED-LENGTH DATA ELEMENTS--GENERAL INFORMATION |
| fixed length control field |
181216s2007||||ru |||||||||||||| ||rus|| |
| 020 ## - INTERNATIONAL STANDARD BOOK NUMBER |
| International Standard Book Number |
139785482013069 |
| 040 ## - CATALOGING SOURCE |
| Transcribing agency |
GE_BSU |
| 080 ## - UNIVERSAL DECIMAL CLASSIFICATION NUMBER |
| Universal Decimal Classification number |
340.12(091)(075.8) Г-78 |
| 100 ## - MAIN ENTRY--PERSONAL NAME |
| Personal name |
Графский, В.Г. |
| 9 (RLIN) |
405 |
| 245 ## - TITLE STATEMENT |
| Title |
История политических и правовых учении / |
| Remainder of title |
Учебник. для студ. |
| 250 ## - EDITION STATEMENT |
| Edition statement |
2-е изд. доп. и перераб |
| 264 ## - PRODUCTION, PUBLICATION, DISTRIBUTION, MANUFACTURE, AND COPYRIGHT NOTICE |
| Place of production, publication, distribution, manufacture |
Москва : |
| Name of producer, publisher, distributor, manufacturer |
Проспект, |
| Date of production, publication, distribution, manufacture, or copyright notice |
2007. |
| 300 ## - PHYSICAL DESCRIPTION |
| Extent |
608 стр.; |
| Other physical details |
20 см. |
| 653 ## - INDEX TERM--UNCONTROLLED |
| keyword |
ისტორია |
| 653 ## - INDEX TERM--UNCONTROLLED |
| keyword |
პოლიტიკური ისტორიის მეცნიერებანი |
| 942 ## - ADDED ENTRY ELEMENTS (KOHA) |
| Koha item type |
წიგნი |
| Source of classification or shelving scheme |
|